Определение титана, ванадия, хрома и элементов группы железа в минеральном сырье

Bibliografiske detaljer
Andre forfattere: Остроумов Г. В. (редактор)
Sprog:russisk
Udgivet: Москва, Недра, 1983
Fag:
Format: Bog
KOHA link:https://koha.lib.tpu.ru/cgi-bin/koha/opac-detail.pl?biblionumber=297696

MARC

LEADER 00000nam0a2200000 4500
001 297696
005 20231101003328.0
035 |a (RuTPU)RU\TPU\book\322830 
090 |a 297696 
100 |a 20150610d1983 k y0rusy50 ca 
101 0 |a rus 
102 |a RU 
105 |a y z 001zy 
200 1 |a Определение титана, ванадия, хрома и элементов группы железа в минеральном сырье  |f под ред. Г. В. Остроумова 
210 |a Москва  |c Недра  |d 1983 
215 |a 184 с. 
320 |a Библиогр.: с. 181-182 
606 |a Минеральное сырье  |x Анализ  |2 stltpush  |3 (RuTPU)RU\TPU\subj\44018 
610 1 |a титан 
610 1 |a ванадий 
610 1 |a хром 
610 1 |a элементы группы железа 
610 1 |a железные руды 
610 1 |a анализ 
610 1 |a марганец 
610 1 |a кобальт 
610 1 |a никель 
610 1 |a определение 
675 |a 553.08  |v 4 
702 1 |a Остроумов  |b Г. В.  |4 340 
801 1 |a RU  |b 63413507  |c 20150610 
801 2 |a RU  |b 63413507  |c 20181010  |g RCR 
942 |c BK